| 000 | 01598nam a2200217Ia 4500 | ||
|---|---|---|---|
| 003 | Ost | ||
| 005 | 20260507075038.0 | ||
| 008 | 260507s9999||||xx |||||||||||||| ||und|| | ||
| 040 | _cfsecg | ||
| 041 | _aara | ||
| 082 | _a330 | ||
| 100 |
_aمنصور، محمد حسين _eمؤلف |
||
| 245 | 0 |
_aالمسؤولية الالكترونية / _c محمد حسين منصور |
|
| 260 |
_aالاسكندرية: _bدار الجامعة الجديدة, _c2003 |
||
| 300 |
_a444 صفحة؛ _bإيضاحات ؛ _c24 سم |
||
| 520 | _aالمسؤولية العقدية الالكترونية-تنوع المعاملات الالكترونية-المسؤولية بصدد إجراء المعاملات الالكترونية-المسؤولية بصدد تنفيذ المعاملات الالكترونية-المسؤولية في مواجهة المستهلك الالكتروني-المسؤوليةالتقصيرية الالكترونية-المسؤولية الجنائية الالكترونية-مسؤولية مقدمي الخدمة الوسيطة في الانترنيت-مسؤولية مستخدم الانترنت-المسؤولية المعلوماتية الالكترونية-المسؤولية الالكترونية عن حقوق الملكية الفكرية-المسؤولية الالكترونية عن السرية والخصوصية-المسؤولية عن الفضائيات-الأحكام العامة للمسؤولية الالكترونية | ||
| 653 | _aالانترنيت | ||
| 653 | _aالجرائم | ||
| 653 | _aالمسؤولية الجنائية | ||
| 942 | _cكتاب | ||
| 999 |
_c42480 _d42480 |
||